Cultura General en años #2 - Estadísticas

Estadísticas generales
  • Esta prueba ha sido intentada 52 veces
    41 desde el último reinicio
  • La puntuación promedio es 9 de 18
Estadísticas de respuestas
Pista Año % Correcto
Se lanzó la primera bomba atómica 1945
85%
Se desintegró la URSS 1991
85%
El hombre llegó a la luna 1969
82%
Michael Jackson lanzó "Thriller" 1982
79%
John F. Kennedy fue asesinado 1963
73%
La Reina Isabel II fue coronada 1953
61%
Einstein publicó la Teoría de la Relatividad 1905
58%
Juan Pablo II se convirtió en Papa 1978
58%
Nació Jesús (aproximadamente) (a.C.) 5
55%
Fue la primera entrega de los Premios Óscar 1929
52%
Napoléon perdió en Waterloo 1815
48%
Se terminó de construir la Torre Eiffel 1889
39%
Se publicó la primera parte de "Don Quijote de la Mancha" 1605
33%
La primera Coca Cola salió al mercado 1886
27%
Cayó la Gran Tenochtitlán 1521
21%
Inició la Reforma Protestante 1517
15%
James Cook llegó a la costa de lo que hoy es Sídney 1788
12%
Eratóstenes midió la circunferencia de la Tierra por primera vez (a.C.) 237
9%
No se encontraron pruebas coincidentes
Distribución de puntuación
Porcentaje de gente con cada puntuación
Porcentaje por número respondido
Historial de tus puntuaciones
No has intentado esta prueba desde el último reinicio